000 00677cam a2200277ua 4500
020 _c75.00
041 _aeng
_h
082 _a621.4022
_bKOT/HE
100 _aKothandaraman, C.P.
245 _aHeat and mass transfer databook /
_cC.P.Kothandaraman.
_hTextual Documents
250 _a4 /
_b.
260 _aNew Delhi :
_bNew Age International Ltd ,
_c1989.
300 _a190 ; .
365 _a75.00
500 _a*CSS
504 _a
700 1 _aSubramanyan, S.
942 _cBK
999 _c8840
_d8840